[Event "18. Open de Sants Hostafrancs 2016"]
[Site "Barcelona ESP"]
[Date "2016.08.27"]
[Round "9.17"]
[White "Grigoryan, Karen H"]
[Black "Valdes Romero, Leonardo"]
[Result "0-1"]
[WhiteElo "2533"]
[BlackElo "2386"]
[PlyCount "104"]
[EventDate "2016.08.19"]
[EventType "swiss"]
[EventRounds "10"]
[EventCountry "ESP"]
[SourceTitle "Ajedrez en Madrid"]
[Source "lmi"]
[SourceDate "2016.08.19"]

1. d4 Nf6 2. c4 g6 3. f3 Bg7 4. e4 d6 5. Nc3 O-O 6. Be3 Nc6 7. Nge2 a6 8. Qd2
Rb8 9. Rc1 e6 10. g3 Bd7 11. Nd1 Re8 12. Bg2 b5 13. c5 dxc5 14. Rxc5 Bf8 15.
Rc1 Bb4 16. Ndc3 e5 17. a3 Be7 18. O-O exd4 19. Nxd4 Ne5 20. Qe2 c5 21. Nc2 b4
22. axb4 cxb4 23. Nb1 Bb5 24. Qd1 Bxf1 25. Qxf1 Qd3 26. Qf2 Rec8 27. Bf1 Qd8
28. Bd4 Rxc2 29. Rxc2 Qxd4 30. Nd2 Qxf2+ 31. Kxf2 a5 32. b3 Rd8 33. Bb5 Nd3+
34. Ke2 Nc5 35. Ra2 Ra8 36. Bc6 Ra6 37. Bb5 Ra7 38. Ke3 Nfd7 39. f4 Nb6 40. Ra1
Ra8 41. Ra2 Kf8 42. Bc6 Rd8 43. Bb5 f5 44. Bc6 Rd3+ 45. Ke2 Rd6 46. Bb5 fxe4
47. Nc4 Nxc4 48. Bxc4 Bd8 49. g4 Nd3 50. Ke3 Bb6+ 51. Kxe4 Rd4+ 52. Kf3 Rxf4+
0-1

[Event "18. Open de Sants Hostafrancs 2016"]
[Site "Barcelona ESP"]
[Date "2016.08.27"]
[Round "9.18"]
[White "Lujan, Carolina"]
[Black "Alonso Rosell, Alvar"]
[Result "0-1"]
[WhiteElo "2378"]
[BlackElo "2524"]
[PlyCount "65"]
[EventDate "2016.08.19"]
[EventType "swiss"]
[EventRounds "10"]
[EventCountry "ESP"]
[SourceTitle "Ajedrez en Madrid"]
[Source "lmi"]
[SourceDate "2016.08.19"]

1. e4 c6 2. Nf3 d5 3. Nc3 Nf6 4. e5 Ne4 5. d4 Nxc3 6. bxc3 c5 7. a4 c4 8. Be2
Qa5 9. Bd2 e6 10. O-O Bd7 11. Ng5 Be7 12. f4 h6 13. Nxf7 Kxf7 14. Bh5+ g6 15.
Bxg6+ Kxg6 16. Qg4+ Kh7 17. f5 Rg8 18. Qh5 Bg5 19. fxe6 Bxe6 20. Rf7+ Bxf7 21.
Qxf7+ Rg7 22. Qf5+ Kh8 23. Bxg5 Nd7 24. Bf6 Nxf6 25. Qxf6 Qxc3 26. Qxh6+ Kg8
27. Qe6+ Kh7 28. Qf5+ Kh8 29. Rd1 Rag8 30. Qh5+ Rh7 31. Qf5 Qe3+ 32. Kf1 Qh6
33. Qh3 0-1

[Event "18. Open de Sants Hostafrancs 2016"]
[Site "Barcelona ESP"]
[Date "2016.08.27"]
[Round "9.19"]
[White "Kobo, Ori"]
[Black "Diaz Camallonga, Carles"]
[Result "1/2-1/2"]
[WhiteElo "2489"]
[BlackElo "2336"]
[PlyCount "87"]
[EventDate "2016.08.19"]
[EventType "swiss"]
[EventRounds "10"]
[EventCountry "ESP"]
[SourceTitle "Ajedrez en Madrid"]
[Source "lmi"]
[SourceDate "2016.08.19"]

1. d4 e6 2. c4 Nf6 3. g3 Bb4+ 4. Bd2 Qe7 5. Nf3 Nc6 6. Nc3 O-O 7. Bg2 a5 8. O-O
d6 9. Qc2 Bxc3 10. Bxc3 e5 11. d5 Nb8 12. Nh4 Re8 13. Rae1 Nbd7 14. e4 Nc5 15.
f4 c6 16. fxe5 dxe5 17. b3 Qd6 18. Qd2 h6 19. Kh1 b6 20. h3 Ra7 21. g4 Rae7 22.
Qe3 Nh7 23. Bb2 cxd5 24. cxd5 Rc7 25. Rc1 Qd8 26. Nf3 Ba6 27. Rfd1 Qd6 28. Nh4
Bc8 29. Ba3 Bd7 30. Rc2 Rec8 31. Rdc1 Nf8 32. Nf5 Bxf5 33. gxf5 Nfd7 34. Bf1
Nf6 35. Ba6 Nfxe4 36. Bxc8 Qxd5 37. Kh2 Rxc8 38. Bxc5 Rxc5 39. Rxc5 Nxc5 40. f6
g5 41. h4 e4 42. hxg5 hxg5 43. Rf1 Ne6 44. Qg3 1/2-1/2

[Event "18. Open de Sants Hostafrancs 2016"]
[Site "Barcelona ESP"]
[Date "2016.08.27"]
[Round "9.25"]
[White "Ootes, Lars"]
[Black "Lemeaux, David"]
[Result "1/2-1/2"]
[WhiteElo "2422"]
[BlackElo "2315"]
[PlyCount "53"]
[EventDate "2016.08.19"]
[EventType "swiss"]
[EventRounds "10"]
[EventCountry "ESP"]
[SourceTitle "Ajedrez en Madrid"]
[Source "lmi"]
[SourceDate "2016.08.19"]

1. e4 e5 2. Nf3 Nf6 3. d3 Nc6 4. h3 d5 5. Nbd2 g6 6. g3 Bg7 7. Bg2 dxe4 8. dxe4
O-O 9. O-O Qe7 10. c3 Rd8 11. Qe2 b6 12. b4 Bb7 13. Nc4 b5 14. Ncd2 Nb8 15. a4
a6 16. axb5 axb5 17. Rxa8 Bxa8 18. Ne1 Qd7 19. Qe3 Qc6 20. Bb2 Nbd7 21. Nd3 Qb6
22. Qe2 c5 23. bxc5 Nxc5 24. Nb4 Qd6 25. Bc1 Nd3 26. Nxd3 Qxd3 27. Re1 1/2-1/2

[Event "18. Open de Sants Hostafrancs 2016"]
[Site "Barcelona ESP"]
[Date "2016.08.27"]
[Round "9.27"]
[White "Guichard, Pauline"]
[Black "Fier, Alexandr"]
[Result "0-1"]
[WhiteElo "2353"]
[BlackElo "2627"]
[PlyCount "72"]
[EventDate "2016.08.19"]
[EventType "swiss"]
[EventRounds "10"]
[EventCountry "ESP"]
[SourceTitle "Ajedrez en Madrid"]
[Source "lmi"]
[SourceDate "2016.08.19"]

1. Nf3 Nf6 2. c4 e6 3. g3 d5 4. Bg2 d4 5. d3 c5 6. e3 Nc6 7. exd4 cxd4 8. Bg5
Qa5+ 9. Nbd2 Nd7 10. O-O h6 11. Nb3 Qb6 12. Bf4 Be7 13. Re1 O-O 14. Rc1 Rd8 15.
Re4 Nf6 16. Re2 Nh5 17. c5 Qa6 18. Bc7 Rd7 19. Be5 f6 20. Bxd4 e5 21. Bc3 Rxd3
22. Rd2 Rxd2 23. Nfxd2 g6 24. Bd5+ Kh7 25. Bc4 b5 26. cxb6 Qxb6 27. Bd5 Bb7 28.
Qf3 Rd8 29. Nc4 Qb5 30. Ne3 f5 31. a4 Qxa4 32. Nxf5 Rf8 33. Bg8+ Kh8 34. Bxe5+
Bf6 35. Qe3 Nxe5 36. Nc5 Qc6 0-1

[Event "18. Open de Sants Hostafrancs 2016"]
[Site "Barcelona ESP"]
[Date "2016.08.27"]
[Round "9.28"]
[White "Lin, Chen"]
[Black "Vehi Bach, Victor Manuel"]
[Result "1/2-1/2"]
[WhiteElo "2516"]
[BlackElo "2318"]
[PlyCount "98"]
[EventDate "2016.08.19"]
[EventType "swiss"]
[EventRounds "10"]
[EventCountry "ESP"]
[SourceTitle "Ajedrez en Madrid"]
[Source "lmi"]
[SourceDate "2016.08.19"]

1. e4 c5 2. Nf3 e6 3. d4 cxd4 4. Nxd4 Nf6 5. Nc3 d6 6. f4 Be7 7. Be3 O-O 8. Qf3
e5 9. Nf5 Bxf5 10. exf5 Nbd7 11. O-O-O Rc8 12. Kb1 Rxc3 13. bxc3 d5 14. Bb5 Ne4
15. Rd3 Ndc5 16. Bxc5 Nxc5 17. f6 Bxf6 18. fxe5 Be7 19. Bc4 Nxd3 20. Bxd3 Qb6+
21. Ka1 Qc7 22. Qxd5 Qxc3+ 23. Kb1 Rd8 24. Qc4 Qxe5 25. Qe4 Qxe4 26. Bxe4 Rd4
27. Re1 Ba3 28. c3 Rd2 29. Bf3 Rb2+ 30. Ka1 g6 31. Rb1 Rc2 32. Rxb7 Rc1+ 33.
Rb1 Rxc3 34. Rb3 Rc1+ 35. Rb1 Rc3 36. Rb3 Rc1+ 37. Rb1 Rc7 38. Rb7 Rc1+ 39. Rb1
Rc8 40. Rb3 Bd6 41. h3 a5 42. Kb2 a4 43. Rb7 a3+ 44. Kb3 Re8 45. Bd5 Re3+ 46.
Kc4 Be7 47. Rb3 Re2 48. Rf3 Re5 49. Kd4 Rf5 1/2-1/2

[Event "18. Open de Sants Hostafrancs 2016"]
[Site "Barcelona ESP"]
[Date "2016.08.27"]
[Round "9.29"]
[White "Hansen, Mads"]
[Black "Bailet, Pierre"]
[Result "1/2-1/2"]
[WhiteElo "2344"]
[BlackElo "2492"]
[PlyCount "117"]
[EventDate "2016.08.19"]
[EventType "swiss"]
[EventRounds "10"]
[EventCountry "ESP"]
[SourceTitle "Ajedrez en Madrid"]
[Source "lmi"]
[SourceDate "2016.08.19"]

1. e4 c5 2. Nf3 Nc6 3. Bb5 d6 4. O-O Bd7 5. c3 Nf6 6. Re1 a6 7. Bc4 b5 8. Bf1
Ne5 9. d4 Nxf3+ 10. Qxf3 e5 11. a4 Be7 12. Bg5 O-O 13. dxc5 dxc5 14. Na3 c4 15.
Nc2 Ng4 16. Bxe7 Qxe7 17. Nb4 Nf6 18. Qe3 Be6 19. axb5 axb5 20. Be2 Nd7 21.
Red1 Qc5 22. Qxc5 Nxc5 23. f3 Rxa1 24. Rxa1 Na4 25. Bd1 Nxb2 26. Bc2 Na4 27.
Bxa4 Ra8 28. Kf2 bxa4 29. Ke3 f6 30. Kd2 Kf7 31. Kc2 g5 32. Rd1 g4 33. fxg4
Bxg4 34. Rd6 a3 35. Kb1 Be2 36. Ka2 Bf1 37. g3 Bg2 38. Rc6 Bxe4 39. Rxc4 Bf5
40. Rc7+ Kg6 41. c4 Be4 42. c5 Ra4 43. Kb3 Ra5 44. Ka2 Bf5 45. Rc6 Bd7 46. Rd6
Be8 47. c6 Bf7+ 48. Ka1 Rc5 49. Nd3 Rb5 50. Rd7 Be6 51. Rd6 Rd5 52. Rxd5 Bxd5
53. c7 Be6 54. Nc5 Bc8 55. Ka2 f5 56. Kxa3 f4 57. Ne4 Bd7 58. Nc5 Bc8 59. Ne4
1/2-1/2

[Event "18. Open de Sants Hostafrancs 2016"]
[Site "Barcelona ESP"]
[Date "2016.08.27"]
[Round "9.30"]
[White "Cruz, Filemon"]
[Black "Arenas, David"]
[Result "1-0"]
[WhiteElo "2349"]
[BlackElo "2490"]
[PlyCount "59"]
[EventDate "2016.08.19"]
[EventType "swiss"]
[EventRounds "10"]
[EventCountry "ESP"]
[SourceTitle "Ajedrez en Madrid"]
[Source "lmi"]
[SourceDate "2016.08.19"]

1. d4 Nf6 2. c4 g6 3. g3 Bg7 4. Bg2 O-O 5. Nc3 d6 6. Nf3 c6 7. O-O Qa5 8. e4 e5
9. d5 cxd5 10. cxd5 b5 11. Nd2 b4 12. Ncb1 Bg4 13. f3 Bd7 14. Rf2 Rc8 15. Nb3
Qb6 16. a4 Na6 17. Bf1 Rc7 18. Qe1 Nc5 19. Nxc5 dxc5 20. Nd2 Ne8 21. Nc4 Qb8
22. b3 Bc8 23. Be3 Bb7 24. Rc1 Qd8 25. Na5 Bf8 26. Rfc2 Rac8 27. Nxb7 Rxb7 28.
Ba6 Rbc7 29. Bxc8 Qxc8 30. Qf2 1-0

[Event "18. Open de Sants Hostafrancs 2016"]
[Site "Barcelona ESP"]
[Date "2016.08.27"]
[Round "9.31"]
[White "Vidarte Morales, Arturo"]
[Black "Cuartas, Jaime Alexander"]
[Result "0-1"]
[WhiteElo "2324"]
[BlackElo "2481"]
[PlyCount "110"]
[EventDate "2016.08.19"]
[EventType "swiss"]
[EventRounds "10"]
[EventCountry "ESP"]
[SourceTitle "Ajedrez en Madrid"]
[Source "lmi"]
[SourceDate "2016.08.19"]

1. c4 c5 2. Nf3 Nc6 3. Nc3 g6 4. e3 Nf6 5. d4 cxd4 6. exd4 d5 7. cxd5 Nxd5 8.
Qb3 e6 9. Bg5 f6 10. Bd2 Kf7 11. Be2 Qb6 12. Qxb6 Nxb6 13. O-O Bd7 14. Rac1 Ne7
15. Ne4 Bc6 16. Nc5 Rd8 17. Nb3 Bd5 18. Rc7 Rd7 19. Rfc1 Nc6 20. Rxd7+ Nxd7 21.
Na5 Nxa5 22. Bxa5 Bd6 23. a3 Nb8 24. Bb4 Bf4 25. Bd2 Bd6 26. Bb4 Bxb4 27. axb4
Nc6 28. b5 Ne7 29. Kf1 Rc8 30. Rc3 Ke8 31. Ke1 Kd7 32. Kd2 Nf5 33. Ra3 Bxf3 34.
Bxf3 Nxd4 35. Rxa7 Nxf3+ 36. gxf3 Kc7 37. Ra4 Rd8+ 38. Ke3 Rd5 39. Rc4+ Kb6 40.
h4 Rxb5 41. Rc8 Rb3+ 42. Kf4 Rxb2 43. Re8 e5+ 44. Kg3 Rc2 45. Re7 Rc7 46. Re6+
Kc5 47. Rxf6 b5 48. Re6 Kd4 49. Rb6 Kc4 50. Re6 b4 51. Rxe5 b3 52. Re1 b2 53.
h5 Kd3 54. Re3+ Kd2 55. Rb3 Kc2 0-1

[Event "18. Open de Sants Hostafrancs 2016"]
[Site "Barcelona ESP"]
[Date "2016.08.27"]
[Round "9.32"]
[White "Cu Hor, Winston Darwin"]
[Black "Gonzalez Acosta, Bernal"]
[Result "1/2-1/2"]
[WhiteElo "2318"]
[BlackElo "2478"]
[PlyCount "21"]
[EventDate "2016.08.19"]
[EventType "swiss"]
[EventRounds "10"]
[EventCountry "ESP"]
[SourceTitle "Ajedrez en Madrid"]
[Source "lmi"]
[SourceDate "2016.08.19"]

1. Nf3 c5 2. g3 Nc6 3. Bg2 g6 4. O-O Bg7 5. c4 Nf6 6. Nc3 O-O 7. d3 d6 8. a3
Rb8 9. Rb1 a6 10. b4 cxb4 11. axb4 1/2-1/2

[Event "18. Open de Sants Hostafrancs 2016"]
[Site "Barcelona ESP"]
[Date "2016.08.27"]
[Round "9.34"]
[White "Herrera Reyes, Jose Antonio"]
[Black "Ducarmon, Quinten"]
[Result "1/2-1/2"]
[WhiteElo "2290"]
[BlackElo "2467"]
[PlyCount "64"]
[EventDate "2016.08.19"]
[EventType "swiss"]
[EventRounds "10"]
[EventCountry "ESP"]
[SourceTitle "Ajedrez en Madrid"]
[Source "lmi"]
[SourceDate "2016.08.19"]

1. Nf3 d5 2. g3 c6 3. Bg2 Bg4 4. O-O e6 5. d3 Nd7 6. c4 Ngf6 7. Nbd2 Bd6 8. Qc2
Qe7 9. a3 O-O 10. b3 e5 11. e4 a5 12. exd5 cxd5 13. Re1 Rfe8 14. Bb2 Rac8 15.
Nd4 Bc5 16. N2f3 Qf8 17. Nb5 e4 18. dxe4 dxe4 19. Ng5 e3 20. f4 h6 21. Nf3 Rcd8
22. Nfd4 Nb8 23. Bxb7 Qe7 24. Bg2 e2 25. h3 Qe3+ 26. Kh2 Bxd4 27. Nxd4 Rxd4 28.
Bxd4 Qxd4 29. hxg4 Nxg4+ 30. Kh3 Nf2+ 31. Kh2 Ng4+ 32. Kh3 Nf2+ 1/2-1/2

[Event "18. Open de Sants Hostafrancs 2016"]
[Site "Barcelona ESP"]
[Date "2016.08.27"]
[Round "9.35"]
[White "Flick, Antoine"]
[Black "Petrosyan, Tigran S"]
[Result "0-1"]
[WhiteElo "2282"]
[BlackElo "2462"]
[PlyCount "82"]
[EventDate "2016.08.19"]
[EventType "swiss"]
[EventRounds "10"]
[EventCountry "ESP"]
[SourceTitle "Ajedrez en Madrid"]
[Source "lmi"]
[SourceDate "2016.08.19"]

1. d4 Nf6 2. Nf3 e6 3. c4 b6 4. g3 Ba6 5. Nbd2 Bb7 6. Bg2 c5 7. e4 cxd4 8. O-O
d6 9. Nxd4 a6 10. Re1 Qc7 11. b3 Nbd7 12. Bb2 Be7 13. Rc1 O-O 14. Qe2 Rfe8 15.
a3 Bf8 16. Rc3 Nc5 17. Ba1 Rac8 18. b4 Ncd7 19. f4 e5 20. Nc2 Qb8 21. f5 b5 22.
Ne3 bxc4 23. Nexc4 Ba8 24. Kh1 Qb5 25. Qf1 Nb6 26. Nxb6 Qxb6 27. Rd3 Rc7 28.
Nb1 Rec8 29. Nc3 a5 30. b5 Rc4 31. Bf3 Qc5 32. Bb2 d5 33. exd5 e4 34. Nxe4 Nxe4
35. Rxe4 Qxb5 36. Rxc4 Rxc4 37. Qe2 Rc5 38. Kg2 Bxd5 39. g4 Bc4 40. Be4 Rc8 41.
f6 g6 0-1

[Event "18. Open de Sants Hostafrancs 2016"]
[Site "Barcelona ESP"]
[Date "2016.08.27"]
[Round "9.36"]
[White "Cori T., Deysi"]
[Black "Saravanan, V."]
[Result "0-1"]
[WhiteElo "2433"]
[BlackElo "2281"]
[PlyCount "78"]
[EventDate "2016.08.19"]
[EventType "swiss"]
[EventRounds "10"]
[EventCountry "ESP"]
[SourceTitle "Ajedrez en Madrid"]
[Source "lmi"]
[SourceDate "2016.08.19"]

1. d4 Nf6 2. c4 g6 3. Nc3 Bg7 4. e4 d6 5. f3 O-O 6. Be3 e5 7. Nge2 c6 8. Qd2
Nbd7 9. O-O-O a6 10. Kb1 b5 11. c5 exd4 12. Nxd4 dxc5 13. Nxc6 Qc7 14. Ne7+ Kh8
15. Ncd5 Nxd5 16. Nxd5 Qc6 17. h4 Nf6 18. h5 Nxd5 19. exd5 Qd6 20. Qf2 Bf5+ 21.
Ka1 Rac8 22. g4 Bd7 23. hxg6 fxg6 24. Qh4 h5 25. gxh5 g5 26. Qxg5 Rxf3 27. Bd3
c4 28. Bc2 Rg3 29. Qf4 Qxf4 30. Bxf4 Rg2 31. h6 Bf6 32. Rd2 Rg4 33. Rf2 Bd4 34.
Rhf1 c3 35. Bd6 cxb2+ 36. Kb1 Rxc2 37. Rxc2 Bf5 38. a3 Rg2 39. Ka2 Bxc2 0-1

[Event "18. Open de Sants Hostafrancs 2016"]
[Site "Barcelona ESP"]
[Date "2016.08.27"]
[Round "9.37"]
[White "Juan Bartroli, Pau"]
[Black "Ortega Amarelle, Mariano"]
[Result "0-1"]
[WhiteElo "2231"]
[BlackElo "2432"]
[PlyCount "112"]
[EventDate "2016.08.19"]
[EventType "swiss"]
[EventRounds "10"]
[EventCountry "ESP"]
[SourceTitle "Ajedrez en Madrid"]
[Source "lmi"]
[SourceDate "2016.08.19"]

1. d4 Nf6 2. Bg5 Ne4 3. Bf4 c5 4. f3 Nf6 5. dxc5 b6 6. e4 bxc5 7. Nc3 Nc6 8.
Qd2 d6 9. Bc4 Bb7 10. Nge2 g6 11. Nd5 Nh5 12. Bg5 h6 13. Be3 Bg7 14. c3 a6 15.
Nef4 Nxf4 16. Bxf4 Ne5 17. Bxe5 Bxe5 18. f4 Bg7 19. f5 g5 20. f6 Bxf6 21. Nxf6+
exf6 22. O-O-O Qe7 23. Qxd6 Rd8 24. Qxd8+ Qxd8 25. Rxd8+ Kxd8 26. Bd5 Bxd5 27.
exd5 f5 28. Rf1 f4 29. Re1 Kd7 30. c4 Kd6 31. Kd2 a5 32. Kc3 Rb8 33. b3 h5 34.
Re4 h4 35. h3 Rg8 36. Kd3 a4 37. Re2 axb3 38. axb3 Rb8 39. Kc3 Ra8 40. Kb2 Rg8
41. Kc3 g4 42. Kd3 gxh3 43. gxh3 Rg3+ 44. Ke4 Rxb3 45. Kxf4 Rc3 46. Re4 Rxh3
47. Kg4 Rh1 48. Rf4 Ke7 49. Re4+ Kf6 50. d6 Rd1 51. Kxh4 Rxd6 52. Kg3 Rd3+ 53.
Kf4 Rc3 54. Kg4 Kg6 55. Kh4 Kf5 56. Rg4 f6 0-1

[Event "18. Open de Sants Hostafrancs 2016"]
[Site "Barcelona ESP"]
[Date "2016.08.27"]
[Round "9.38"]
[White "Mu, Ke"]
[Black "Iglesias, Joachim"]
[Result "1-0"]
[WhiteElo "2419"]
[BlackElo "2286"]
[PlyCount "63"]
[EventDate "2016.08.19"]
[EventType "swiss"]
[EventRounds "10"]
[EventCountry "ESP"]
[SourceTitle "Ajedrez en Madrid"]
[Source "lmi"]
[SourceDate "2016.08.19"]

1. c4 d6 2. Nc3 Nf6 3. Nf3 e5 4. d3 Be7 5. g3 c6 6. Bg2 O-O 7. O-O Nbd7 8. a3
d5 9. cxd5 cxd5 10. d4 e4 11. Ne5 Bd6 12. Bf4 Qe7 13. Nxd7 Bxd7 14. Bg5 Bc6 15.
f3 e3 16. Qd3 Rfe8 17. f4 Rad8 18. Bxd5 h6 19. Bh4 Bc7 20. Bf3 Bxf3 21. Rxf3
Bb6 22. d5 a6 23. Rd1 Rd6 24. Bxf6 Qxf6 25. Ne4 Rxe4 26. Qxe4 Qxb2 27. Qd3 Bc5
28. a4 b5 29. axb5 axb5 30. Rff1 b4 31. Rc1 Qd4 32. Rfd1 1-0

[Event "18. Open de Sants Hostafrancs 2016"]
[Site "Barcelona ESP"]
[Date "2016.08.27"]
[Round "9.39"]
[White "Garcia Acosta, Roger"]
[Black "Gual Pascual, Antonio"]
[Result "0-1"]
[WhiteElo "2104"]
[BlackElo "2397"]
[PlyCount "68"]
[EventDate "2016.08.19"]
[EventType "swiss"]
[EventRounds "10"]
[EventCountry "ESP"]
[SourceTitle "Ajedrez en Madrid"]
[Source "lmi"]
[SourceDate "2016.08.19"]

1. e4 g6 2. d4 Bg7 3. Nf3 d6 4. Bc4 Nf6 5. Qe2 O-O 6. e5 dxe5 7. dxe5 Nd5 8.
O-O Bg4 9. Rd1 c6 10. Bxd5 cxd5 11. h3 Bxf3 12. Qxf3 e6 13. c4 Nc6 14. cxd5
Nxe5 15. Qb3 exd5 16. Rxd5 Qh4 17. Be3 Nc4 18. Nd2 Nxe3 19. Qxe3 Qb4 20. Rb1
Qa4 21. a3 Rad8 22. Rxd8 Rxd8 23. Nf3 Qc2 24. Re1 Qxb2 25. Qxa7 Bc3 26. Re3 Bg7
27. Re1 Bf8 28. a4 Qb4 29. Rc1 h5 30. a5 Bc5 31. Qxc5 Rd1+ 32. Kh2 Qf4+ 33. g3
Qxc1 34. Qb5 Qc6 0-1

[Event "18. Open de Sants Hostafrancs 2016"]
[Site "Barcelona ESP"]
[Date "2016.08.27"]
[Round "9.40"]
[White "Gemy, Jose Daniel"]
[Black "Taylor, Adam C"]
[Result "1/2-1/2"]
[WhiteElo "2384"]
[BlackElo "2256"]
[PlyCount "106"]
[EventDate "2016.08.19"]
[EventType "swiss"]
[EventRounds "10"]
[EventCountry "ESP"]
[SourceTitle "Ajedrez en Madrid"]
[Source "lmi"]
[SourceDate "2016.08.19"]

1. Nf3 Nf6 2. g3 d5 3. Bg2 e6 4. O-O Be7 5. c4 O-O 6. b3 b6 7. Bb2 Bb7 8. cxd5
Nxd5 9. d4 Nd7 10. e4 N5f6 11. e5 Nd5 12. Nc3 Nxc3 13. Bxc3 c5 14. Qe2 cxd4 15.
Bxd4 Rc8 16. Bb2 Rc7 17. Rac1 Nc5 18. Rfd1 Qc8 19. Nd4 Bxg2 20. Kxg2 Rd8 21.
Qf3 Bf8 22. b4 Na4 23. Rxc7 Qxc7 24. Nb5 Qb8 25. Rxd8 Qxd8 26. Ba3 Qd7 27. Nd6
b5 28. Nb7 Qd5 29. Qxd5 exd5 30. Nd8 Nc3 31. Nc6 a6 32. Kf3 Nxa2 33. Ke3 a5 34.
bxa5 Bxa3 35. Kd4 Nb4 36. Kc5 Nd3+ 37. Kxb5 Bc5 38. f4 g5 39. a6 gxf4 40. gxf4
Kf8 41. f5 Ke8 42. e6 fxe6 43. Ne5 Nb4 44. Kxc5 Nxa6+ 45. Kb5 Nb8 46. f6 Kd8
47. f7 Ke7 48. Kc5 Na6+ 49. Kb5 Nb8 50. h3 Kf8 51. Kc5 Ke7 52. Kb5 Kf8 53. Kc5
Ke7 1/2-1/2

[Event "18. Open de Sants Hostafrancs 2016"]
[Site "Barcelona ESP"]
[Date "2016.08.27"]
[Round "9.41"]
[White "Riu Lopez, Daniel"]
[Black "Kvetny, Mark"]
[Result "1/2-1/2"]
[WhiteElo "1912"]
[BlackElo "2379"]
[PlyCount "39"]
[EventDate "2016.08.19"]
[EventType "swiss"]
[EventRounds "10"]
[EventCountry "ESP"]
[SourceTitle "Ajedrez en Madrid"]
[Source "lmi"]
[SourceDate "2016.08.19"]

1. e4 c5 2. Nc3 a6 3. a4 e6 4. Bc4 Nc6 5. f4 Nf6 6. d3 d5 7. Ba2 dxe4 8. Nxe4
b6 9. Nf3 Bb7 10. c3 Be7 11. O-O Qd7 12. Qe2 Rd8 13. Nxf6+ gxf6 14. f5 Qxd3 15.
Qxd3 Rxd3 16. fxe6 fxe6 17. Bxe6 Rd6 18. Bf5 Ne5 19. Bf4 Bxf3 20. gxf3 1/2-1/2

[Event "18. Open de Sants Hostafrancs 2016"]
[Site "Barcelona ESP"]
[Date "2016.08.27"]
[Round "9.42"]
[White "Hess, Max"]
[Black "Zwirs, Nico"]
[Result "1/2-1/2"]
[WhiteElo "2252"]
[BlackElo "2374"]
[PlyCount "71"]
[EventDate "2016.08.19"]
[EventType "swiss"]
[EventRounds "10"]
[EventCountry "ESP"]
[SourceTitle "Ajedrez en Madrid"]
[Source "lmi"]
[SourceDate "2016.08.19"]

1. d4 Nf6 2. c4 g6 3. Nc3 Bg7 4. e4 d6 5. Be2 O-O 6. Be3 c5 7. e5 Nfd7 8. exd6
exd6 9. Nf3 Nc6 10. O-O cxd4 11. Nxd4 Nxd4 12. Bxd4 Ne5 13. Qd2 Be6 14. b3 Qa5
15. Rad1 Rfd8 16. Nb5 Qxd2 17. Rxd2 a6 18. Nc7 Rac8 19. Nxe6 fxe6 20. Be3 Nf7
21. Rfd1 Bc3 22. Rd3 Bb4 23. Bf4 Re8 24. h4 Rc5 25. Bxd6 Nxd6 26. Rxd6 Re5 27.
Rd8 Kf8 28. Kf1 b6 29. R1d7 Rxd8 30. Rxd8+ Kg7 31. Rd7+ Kg8 32. g3 Bc5 33. Bg4
Re4 34. Bh3 a5 35. Bg2 Rd4 36. Rxd4 1/2-1/2

[Event "18. Open de Sants Hostafrancs 2016"]
[Site "Barcelona ESP"]
[Date "2016.08.27"]
[Round "9.43"]
[White "Gullaksen, Eirik"]
[Black "Lattanzio, Savino"]
[Result "1/2-1/2"]
[WhiteElo "2361"]
[BlackElo "2241"]
[PlyCount "100"]
[EventDate "2016.08.19"]
[EventType "swiss"]
[EventRounds "10"]
[EventCountry "ESP"]
[SourceTitle "Ajedrez en Madrid"]
[Source "lmi"]
[SourceDate "2016.08.19"]

1. e4 c6 2. d4 d5 3. Nc3 g6 4. Bf4 Bg7 5. exd5 cxd5 6. Nb5 Kf8 7. Bc7 Qd7 8.
Bg3 Nc6 9. c3 a6 10. Na3 Nf6 11. Bd3 Nh5 12. Nf3 Qe6+ 13. Kf1 Nxg3+ 14. hxg3
Qd6 15. Nc2 Bd7 16. Qd2 Rb8 17. Qf4 Qxf4 18. gxf4 Rc8 19. Ne3 e6 20. Ne5 Be8
21. a4 f6 22. Nf3 Na5 23. Ke2 Nc4 24. Bxc4 dxc4 25. Nd2 Bc6 26. Rh2 b5 27. axb5
axb5 28. Ra7 h5 29. Nc2 e5 30. fxe5 fxe5 31. d5 Bxd5 32. Nb4 Ba8 33. f3 Kg8 34.
Rh1 Kh7 35. Ne4 Bxe4 36. fxe4 Ra8 37. Rha1 Rxa7 38. Rxa7 Rb8 39. Nc6 Rb6 40.
Ne7 b4 41. Rc7 bxc3 42. bxc3 Rb2+ 43. Kf3 Rc2 44. Rxc4 Bf6 45. Nd5 Bg5 46. Rc6
Rd2 47. Re6 Rd3+ 48. Ke2 Rd2+ 49. Kf3 Rd3+ 50. Ke2 Rd2+ 1/2-1/2

[Event "18. Open de Sants Hostafrancs 2016"]
[Site "Barcelona ESP"]
[Date "2016.08.27"]
[Round "9.44"]
[White "Calavalle, Giulio"]
[Black "Comas Fabrego, Lluis"]
[Result "0-1"]
[WhiteElo "2203"]
[BlackElo "2507"]
[PlyCount "90"]
[EventDate "2016.08.19"]
[EventType "swiss"]
[EventRounds "10"]
[EventCountry "ESP"]
[SourceTitle "Ajedrez en Madrid"]
[Source "lmi"]
[SourceDate "2016.08.19"]

1. e4 d6 2. d4 g6 3. Nc3 Bg7 4. Be3 c6 5. Nge2 b5 6. Qd2 Nd7 7. g3 Ngf6 8. h3
b4 9. Nd1 Nxe4 10. Qxb4 c5 11. dxc5 Nexc5 12. Bg2 Rb8 13. Qd2 Bb7 14. Bxb7 Rxb7
15. Bd4 Ne5 16. Qe3 Qc8 17. f3 Qc6 18. O-O Ne6 19. Bxe5 Bxe5 20. c3 O-O 21. Rb1
Qa6 22. a3 Rfb8 23. Ra1 Nc5 24. b4 Na4 25. f4 Bg7 26. f5 Qb6 27. fxg6 hxg6 28.
Rc1 Rc8 29. Qxb6 axb6 30. Rf3 Rbc7 31. Rd3 Be5 32. Kg2 Kf8 33. Kf3 e6 34. Rc2
d5 35. h4 Ke7 36. Ke3 b5 37. Nd4 Bxd4+ 38. Kxd4 Nb6 39. Ra2 Nc4 40. Re2 Kd6 41.
Rf3 f5 42. Kd3 Ne5+ 43. Rxe5 Kxe5 44. Kd2 Ra8 45. Nb2 Kd6 0-1

[Event "18. Open de Sants Hostafrancs 2016"]
[Site "Barcelona ESP"]
[Date "2016.08.27"]
[Round "9.45"]
[White "Fernandez, Fernando"]
[Black "Franco Valencia, Beatriz Irene"]
[Result "1-0"]
[WhiteElo "2406"]
[BlackElo "2192"]
[PlyCount "139"]
[EventDate "2016.08.19"]
[EventType "swiss"]
[EventRounds "10"]
[EventCountry "ESP"]
[SourceTitle "Ajedrez en Madrid"]
[Source "lmi"]
[SourceDate "2016.08.19"]

1. e4 g6 2. d4 Bg7 3. Nc3 c6 4. h3 d6 5. Be3 b5 6. Qd2 a5 7. Bd3 Bb7 8. Nf3 Nd7
9. O-O Qc7 10. Rfe1 b4 11. Na4 e6 12. e5 dxe5 13. Nxe5 Nxe5 14. dxe5 Bxe5 15.
Bb6 Qd6 16. Bc5 Qc7 17. Bb6 Qd6 18. Bc5 Qc7 19. Qe3 Bg7 20. Bc4 Ne7 21. Bxe6
O-O 22. Rad1 Nd5 23. Bxd5 cxd5 24. Bxf8 Bxf8 25. Qb6 Qc8 26. Qf6 Ra6 27. Qf4
Qc6 28. b3 Ra8 29. Qd4 h6 30. Qb6 Qc8 31. Qd4 Qc6 32. Re2 Ba6 33. Red2 Bb7 34.
Nb6 Bc5 35. Nxd5 Bxd4 36. Ne7+ Kg7 37. Nxc6 Bxf2+ 38. Kxf2 Bxc6 39. Rd8 Ra7 40.
Rc8 Bd7 41. Rc5 Be6 42. Re1 a4 43. Re4 axb3 44. axb3 Rb7 45. Ke3 Kf6 46. Rd4 g5
47. Rd6 Ke7 48. Ra6 Kf8 49. Raa5 Bd7 50. Kd4 Ke7 51. Re5+ Kf6 52. Ra6+ Be6 53.
Re2 Rb5 54. Rf2+ Kg6 55. Rd6 h5 56. h4 gxh4 57. Ke3 Kg5 58. Rd8 Bf5 59. Rg8+
Kf6 60. Kd4 Ke6 61. Re8+ Kf6 62. Rc8 Kg6 63. Rg8+ Kf6 64. Rf4 Ke6 65. Re8+ Kf6
66. Rg8 Rb7 67. Rxh4 Rc7 68. Rxh5 Rxc2 69. Rg3 Rc8 70. Rf3 1-0